| 000 | 00489cam3a220016900 4500 | ||
|---|---|---|---|
| 001 | zam00009539 | ||
| 008 | 970717n xx eng u | ||
| 035 | _a(Sirsi) r139539 | ||
| 040 | _dUPRA | ||
| 100 |
_aNabulyato, R. Mwaakwe. _6A104904.1 |
||
| 245 | 1 | 0 | _a"Penda nkutwale" = Count I take you. |
| 260 |
_as.l : _bs.n, _c1954. |
||
| 500 | _aManuscript. | ||
| 520 | _aWritten in Ila, the manuscript contains Illa stories and jokes. | ||
| 949 | 1 | 0 |
_mINESOR _tBOOK _lON-SHELF |
| 004 | 139539 | ||
| 999 |
_c28135 _d28135 |
||